Statystyki dla Mata - Młody Matczak

Kliknij tutaj aby rozwiązać quiz!

Ogólne statystyki

  • Ten quiz został rozwiązany 367 razy
  • Średni wynik to 15 z 21

Statystyki odpowiedzi

NumerTytułGość% Poprawnych
16PapugaQuebonafide & Malik Montana
92%
4SKUTE BOBOSKUTE BOBO
85%
3BlokGOMBAO 33
84%
2Blok (skit)
83%
18Kiss cam
83%
19Szafir
82%
1IKEA (intro)
78%
11KurtzTaco Hemingway
78%
21Młody Bachor (outro)GOMBAO 33
78%
6Nasza klasa ale to DRILLPopek
78%
15Patoreakcja
78%
10Szmata
78%
5La La La (Oh Oh)White 2115
77%
9Faka
70%
72001
66%
13Skit (skit)
61%
1415,2 (FREESTYLE)
58%
1267-410
56%
17Dzwoni papuga (skit)
49%
20Bros before hoes (skit)
43%
8WE DON'T KNOW WHO DID THIS BEAT IF IT'S YOU PLEASE DM US WE HAVE MONEY (skit)Janusz Walczuk
29%

Rozkład punktacji

Percentyl według liczby udzielonych odpowiedzi

Procent ludzi z każdym wynikiem

Twoja historia wyników

Nie rozwiązałeś tego quizu